Normal view
MARC view
- رشيد ،محمد حسين/م. مشارك مشارك ابراهيم مقبل ، وائل طة الراعوش
Entry Personal Name
001 - CONTROL NUMBER
- control field: 30126
003 - CONTROL NUMBER IDENTIFIER
- control field: JO-AjAnu
005 - DATE AND TIME OF LATEST TRANSACTION
- control field: 20230606075103.0
008 - FIXED-LENGTH DATA ELEMENTS
- fixed length control field: 230606|| aca||aabn | a|a d
040 ## - CATALOGING SOURCE
- Original cataloging agency: JO-AjAnu
- Transcribing agency: JO-AjAnu
100 ## - HEADING--PERSONAL NAME
- Personal name: رشيد ،محمد حسين/م. مشارك مشارك ابراهيم مقبل ، وائل طة الراعوش
670 ## - SOURCE DATA FOUND
- Source citation: Work cat.: (JO-AjAnu)15474: رشيد ،محمد حسين/م. مشارك مشارك ابراهيم مقبل ، وائل طة الراعوش , author, الرياضيات لطلبة تكنولوجيا المعلومات والمكتبات والعلوم الهندسية